El hombre y la máquina (Registro nro. 19972)

Detalles MARC
000 -CABECERA
Campo de control 00886cas a2200229 a 4500
005 - FECHA Y HORA DE LA ULTIMA TRANSACCION
Campo de control 20171122120816.0
008 - ELEMENTOS DE LONGITUD FIJA—INFORMACION GENERAL
Campo de control 051108c19899999ck frzp rnn 0 a0spa d
022 ## - ISSN
ISSN 0121-0777
040 ## - FUENTE DE CATALOGACIÓN
Agencia catalogadora original CO-BoPUJ
Agencia transcriptora CO-BoIAVH
Agencia Modificadora CO-BoIAVH
041 0# - IDIOMA
Código de idioma para texto/pista de sonido o título separado Español
044 ## - PAÍS DE PUBLICACIÓN
País de publicación Colombia
090 ## - CLASIFICACIÓN LOCAL
Colección SE
245 03 - MENCION DE TITULO
Título El hombre y la máquina
Mención de responsabilidad Facultad de Ingeniería de la Universidad Autónoma de Occidente
260 ## - PUBLICACION, DISTRIBUCION, ETC. (PIE DE IMPRENTA)
Lugar de publicación, distribución, etc. Cali (Colombia) :
Nombre del editor, distribuidor, etc. Universidad Autónoma de Occidente,
Fecha de publicación, distribución, etc. 1989-.
300 ## - DESCRIPCION FISICA
Otros detalles físicos ilustraciones y gráficas ;
Dimensiones 28 x 21 cm.
310 ## - FRECUENCIA ACTUAL DE LA PUBLICACIÓN
Date of current publication frequency 1989-
Frecuencia actual de la publicación Semestral
650 26 - ASIENTO SECUNDARIO DE MATERIA - TERMINO TEMATICO
Término temático o nombre geográfico como elemento de entrada Ciencia
Subdivisión general Aspectos sociales
Subdivisión de forma Publicaciones periódicas
9 (RLIN) 87080
650 26 - ASIENTO SECUNDARIO DE MATERIA - TERMINO TEMATICO
Término temático o nombre geográfico como elemento de entrada Tecnología
Subdivisión general Aspectos sociales
Subdivisión de forma Publicaciones periódicas
9 (RLIN) 87081
650 26 - ASIENTO SECUNDARIO DE MATERIA - TERMINO TEMATICO
Término temático o nombre geográfico como elemento de entrada Ingeniería
Subdivisión general Aspectos sociales
Subdivisión de forma Publicaciones periódicas
9 (RLIN) 87082
710 2# - ASIENTO SECUNDARIO - NOMBRE CORPORATIVO
Nombre corporativo o de jurisdicción como elemento de entrada Universdad Autónoma de Occidente
Unidad subordinada Facultad de Ingeniería
9 (RLIN) 87083
942 ## - ELEMENTOS ADICIONALES (KOHA)
Sistema de clasificación Local
Tipo de ítem Periodica o revista
Existencias
Withdrawn status Lost status Sistema de Clasificación Damaged status No para préstamo Colección Fecha publicación (Año) Volumen revista Número revista Inventariado Ubicación Permanente Ubicación actual Fecha de adquisición Datos de publicación Seriada Total Checkouts Número topográfico Inventario / Código de Barras Date last seen Ejemplar Price effective from Forma de adquisición Tipo de material
    Local     Hemeroteca 2015 27 46 Inventariado 2017 Bogotá Bogotá 22/11/2017 Año 27, Nro 46 (01/06/2015)   SE 043052 22/11/2017 Ej. 1 22/11/2017 Donación Periodica o revista
    Local     Hemeroteca 2016 28 48   Bogotá Bogotá 11/05/2018 Año 28, Nro 48 (01/06/2016)   SE 030106 11/05/2018 Ej. 1 11/05/2018 Donación Periodica o revista
    Local     Hemeroteca 2016 28 49 Inventariado 2018 Bogotá Bogotá 29/06/2018 Año 28, Nro 49 (01/12/2016)   SE 030146 29/06/2018 Ej. 1 29/06/2018 Donación Periodica o revista